Statistics for Governors of Hawaii by Picture

Click here to take the quiz!

General Stats

  • This quiz has been taken 3 times
  • The average score is 2 of 19

Answer Stats

Answer% Correct
Linda Lingle
100%
David Ige
50%
Neil Abercrombie
50%
Samuel Wilder King
0%
Ben Cayetano
0%
John David Waihee III
0%
George Ariyoshi
0%
John A. Burns
0%
William F. Quinn
0%
Sanford B. Dole
0%
George R. Carter
0%
Ingram Stainback
0%
Joseph B. Poindexter
0%
Lawrence M. Judd
0%
Wallace R. Farrington
0%
Charles J. McCarthy
0%
Lucius E. Pinkham
0%
Walter F. Frear
0%
Oren E. Long
0%

Score Distribution

Percentile by Number Answered

Percent of People with Each Score

Your Score History

You have not taken this quiz